[Event "RUS-ch"]
[Site "Elista"]
[Date "1996.??.??"]
[Round "1"]
[White "Dvoirys, Semen I"]
[Black "Lugovoi, Aleksei"]
[Result "1/2-1/2"]
[WhiteElo "2570"]
[BlackElo "2500"]

1.e4 c5 2.Nf3 d6 3.d4 cxd4 4.Nxd4 Nf6 5.Nc3 Nc6 6.Bg5 e6 7.Qd2 Be7 8.O-O-O O-O
9.f4 h6 10.Bh4 e5 11.Nf5 Bxf5 12.exf5 exf4 13.Be2 d5 14.Bxf6 Bxf6 15.Nxd5 Be5
16.Bf3 Re8 17.Rhe1 Qg5 18.Qd3 Rad8 19.c3 Qh4 20.Qb5 Rb8 21.Nb4 Qg5 22.Nxc6 bxc6
23.Qxc6 Rec8 24.Qxc8+  1/2-1/2

[Event "RUS-ch"]
[Site "Elista"]
[Date "1996.??.??"]
[Round "1"]
[White "Yemelin, Vasily"]
[Black "Aseev, Konstantin N"]
[Result "1/2-1/2"]
[WhiteElo "2460"]
[BlackElo "2560"]

1.e4 c5 2.Nf3 d6 3.d4 cxd4 4.Nxd4 Nf6 5.Nc3 Nc6 6.Bg5 e6 7.Qd2 a6 8.O-O-O Bd7
9.f4 h6 10.Bxf6 Qxf6 11.Nf3 Qd8 12.Bc4 Be7 13.Bb3 Qc7 14.f5 O-O-O 15.Kb1 Kb8
16.fxe6 fxe6 17.Ne2 Na5 18.Nf4 Nxb3 19.axb3 Rhe8 20.h4 Bc8 21.Qe2 g5 22.Ng6 Bf6
23.h5 b5 24.Nh2 Bb7 25.Rhf1 Bg7 26.Rf3 Rd7 27.Ng4 Ka8 28.Rfd3 Red8 29.R1d2 Qc6
30.e5 dxe5 31.N4xe5  1/2-1/2

[Event "RUS-ch"]
[Site "Elista"]
[Date "1996.??.??"]
[Round "6"]
[White "Dolmatov, Sergey"]
[Black "Lugovoi, Aleksei"]
[Result "1/2-1/2"]
[WhiteElo "2575"]
[BlackElo "2500"]

1.e4 c5 2.Nf3 d6 3.d4 cxd4 4.Nxd4 Nf6 5.Nc3 Nc6 6.Bg5 e6 7.Qd2 Be7 8.O-O-O O-O
9.f4 h6 10.Bh4 e5 11.Nf5 Bxf5 12.exf5 exf4 13.Kb1 d5 14.Bxf6 Bxf6 15.Nxd5 Be5
16.Bc4 Re8 17.f6 Bxf6 18.Qxf4 Be5 19.Qf2 Rf8 20.g4 Qd6 21.h4 Kh8 22.a3 Rad8
23.Bb3 Qg6 24.g5 Rd7 25.Rd3 Rfd8 26.Rhd1 Qh5 27.Ka2 Rd6 28.Ne3 Rxd3 29.Rxd3 Rxd3
30.cxd3 Qg6 31.Bxf7 Qxd3 32.Bc4 Qd8 33.Qf7 Bd4 34.gxh6 gxh6 35.Nf5 Bxb2 36.Qg6 Qf8
37.Kxb2 Ne5 38.Qxh6+ Qxh6 39.Nxh6 Nxc4+ 40.Kb3 Ne5 41.Nf5 Kh7 42.Kb4 a6 43.Nd6 b5  1/2-1/2

[Event "Ermoupoli"]
[Site "Ermoupoli"]
[Date "1996.??.??"]
[Round "3"]
[White "Agnos, Demetrios"]
[Black "Nikolaidis, Konstantinos"]
[Result "0-1"]
[WhiteElo "2460"]
[BlackElo "2365"]

1.e4 c5 2.Nf3 Nc6 3.d4 cxd4 4.Nxd4 Nf6 5.Nc3 d6 6.Bg5 e6 7.Qd2 Be7 8.O-O-O O-O
9.Nb3 Qb6 10.f3 Rd8 11.h4 a6 12.Be3 Qc7 13.Qf2 Nd7 14.g4 Na5 15.g5 b5 16.Kb1 Nc4
17.Bc1 Ndb6 18.Bd3 b4 19.Ne2 a5 20.h5 Ba6 21.Nbd4 a4 22.f4 a3 23.b3 Nb2 24.Bxb2 axb2
25.Kxb2 e5 26.Nf5 Bxd3 27.Nxe7+ Kf8 28.Nc1 Bxe4 29.Rhe1 d5 30.Nxd5 Nxd5 31.Rxe4 Nc3
32.Rxd8+ Rxd8 33.Qf3 Qa5 34.Rxb4 Nd1+  0-1

[Event "EST-ch"]
[Site "?"]
[Date "1996.??.??"]
[Round "10"]
[White "Zjukin, Sergei"]
[Black "Zavoronkov, Vladimir"]
[Result "1/2-1/2"]
[WhiteElo "2365"]
[BlackElo "2240"]

1.e4 c5 2.Nf3 d6 3.d4 cxd4 4.Nxd4 Nf6 5.Nc3 Nc6 6.Bg5 e6 7.Qd2 a6 8.O-O-O h6
9.Bf4 Bd7 10.Nxc6 Bxc6 11.Qe1 Rc8 12.e5 g5 13.Bg3 Nh5 14.exd6 Nxg3 15.hxg3 Bg7
16.Nd5 Bxd5 17.Rxd5 O-O 18.Rd3  1/2-1/2

[Event "EST-chT"]
[Site "EST"]
[Date "1996.??.??"]
[Round "?"]
[White "Zjukin, Sergei"]
[Black "Zavoronkov, Vladimir"]
[Result "0-1"]
[WhiteElo "2365"]
[BlackElo "2240"]

1.e4 c5 2.Nf3 d6 3.d4 cxd4 4.Nxd4 Nf6 5.Nc3 Nc6 6.Bg5 e6 7.Qd2 a6 8.O-O-O h6
9.Bf4 Bd7 10.Nxc6 Bxc6 11.Qe1 Qc7 12.Nd5 Bxd5 13.exd5 Rc8 14.c4 e5 15.Kb1 Be7
16.Be3 O-O 17.f3 b5 18.cxb5 axb5 19.Bxb5 Qc2+ 20.Ka1 Ra8 21.Bc6 Qb3 22.Bxa8 Rxa8
23.a3 Nxd5 24.Rxd5 Qxd5 25.Qe2 Qb3 26.Rd1 d5 27.Qd3 Qa4 28.Bc1 e4 29.fxe4 dxe4
30.Qd4 Qc2 31.Qd2 Qb3 32.Rf1 Bf6 33.Rxf6 gxf6 34.Qxh6 Qd1 35.Ka2 Rc8 36.Bd2 Rc2
37.Bb4 Qd5+ 38.Kb1 Rxg2 39.Bc3 Rg1+  0-1

[Event "Eupen op"]
[Site "Eupen"]
[Date "1996.??.??"]
[Round "?"]
[White "Dutreeuw, Marc"]
[Black "Lanka, Zigurds"]
[Result "1/2-1/2"]
[WhiteElo "2415"]
[BlackElo "2510"]

1.e4 c5 2.Nf3 Nc6 3.d4 cxd4 4.Nxd4 Nf6 5.Nc3 d6 6.Bg5 e6 7.Qd2 a6 8.f3 h6
9.Be3 Qc7 10.O-O-O Rb8 11.Kb1 Bd7 12.Bd3 b5 13.g4 Ne5 14.h4 g6 15.g5 hxg5
16.hxg5 Rxh1 17.Rxh1 Nh5 18.Qf2 Nc4 19.Bc1 Bg7 20.Nce2 Qc5 21.Rh2 Rc8 22.f4 e5
23.Nf5 gxf5 24.Qxc5 Rxc5 25.Rxh5 fxe4 26.Bxe4 exf4 27.Nxf4 Bf5 28.Bd3 Re5
29.Rh1 Be4 30.Rg1 Bxd3 31.cxd3 Nb6 32.Kc2 Rf5 33.Rg2 Na4 34.Ne2 Rf3 35.d4 Nb6
36.b3 Nd5 37.Bd2 b4 38.g6 f5 39.Rg3 Rf2 40.Kd3 a5 41.Be3 Rh2 42.Bg1 Rh4 43.Kc4 Nc7
44.Rf3 Re4 45.Kd3  1/2-1/2

[Event "FIN-chT 9596"]
[Site "FIN"]
[Date "1996.??.??"]
[Round "10"]
[White "Nevanlinna, Risto"]
[Black "Veingold, Aleksandr"]
[Result "0-1"]
[WhiteElo "2300"]
[BlackElo "2425"]

1.e4 c5 2.Nf3 Nc6 3.d4 cxd4 4.Nxd4 Nf6 5.Nc3 d6 6.Bg5 e6 7.Qd2 a6 8.O-O-O h6
9.Bf4 Bd7 10.Bg3 Be7 11.f3 Ne5 12.f4 Nh5 13.Qe1 Nc6 14.f5 Nxg3 15.Qxg3 Nxd4
16.Rxd4 O-O 17.fxe6 Bxe6 18.Bc4 Bh4 19.Qd3 Qg5+ 20.Kb1 Qxg2 21.Rd1 Bf6 22.Rxd6 Bxc4
23.Qxc4 Bxc3 24.Qxc3 Rac8 25.Qd2 Qxe4 26.Rg1 g6 27.Qxh6 Qxc2+ 28.Ka1 Rc6
29.Rd4 Rfc8 30.a3 Rc4 31.Rd2 Qe4 32.Rf2 Qh4 33.Qe3 Re4 34.Qf3 Qe7 35.Rff1 Rc6
36.Qb3 Rcc4 37.Rd1 b5 38.Qg3 Re3 39.Qb8+ Kg7 40.Rg3 Rxg3 41.hxg3 Qc5 42.Kb1 Qf5+
43.Ka1 Qe4 44.Qd6 Rc6 45.Qd7 Rf6 46.g4 Rf2 47.Qc8 Qe5 48.Qc1 Re2 49.Rh1 Re3
50.Kb1 a5 51.Rf1 b4 52.axb4 axb4 53.g5 b3 54.Qd2 Qe4+  0-1

[Event "Finkenstein op"]
[Site "Finkenstein"]
[Date "1996.??.??"]
[Round "4"]
[White "Mazi, Leon"]
[Black "Videki, Sandor"]
[Result "1-0"]
[WhiteElo "2325"]
[BlackElo "2405"]

1.e4 c5 2.Nf3 d6 3.d4 cxd4 4.Nxd4 Nf6 5.Nc3 Nc6 6.Bg5 e6 7.Qd2 a6 8.O-O-O h6
9.Be3 Be7 10.f3 Nxd4 11.Bxd4 b5 12.Qf2 Qc7 13.a3 e5 14.Be3 Be6 15.g4 Qb7
16.Bg2 b4 17.axb4 Qxb4 18.Nd5 Bxd5 19.exd5 Rb8 20.b3 O-O 21.Kb2 Rfc8 22.Qd2 Qb7
23.g5 hxg5 24.Bxg5 a5 25.Ra1 Ne4 26.fxe4 Bxg5 27.Qxg5 Rxc2+ 28.Kxc2 Qxb3+
29.Kd2 Qb2+ 30.Ke1 Qxa1+ 31.Kf2 Qd4+ 32.Kg3 Rb3+ 33.Kg4 Qd3 34.Qd8+ Kh7 35.Qh4+ Kg8
36.Qd8+ Kh7 37.Qh4+ Kg8 38.Qf2 Qb5 39.Rc1 Qd7+ 40.Qf5 Qxf5+ 41.exf5 Rb4+
42.Kf3 Rf4+ 43.Ke3 Rxf5 44.Be4  1-0

[Event "FRA-ch"]
[Site "France"]
[Date "1996.??.??"]
[Round "1"]
[White "Santo Roman, Marc"]
[Black "Apicella, Manuel"]
[Result "1-0"]
[WhiteElo "2385"]
[BlackElo "2560"]

1.e4 c5 2.Nf3 Nc6 3.d4 cxd4 4.Nxd4 Nf6 5.Nc3 d6 6.Bg5 e6 7.Qd2 a6 8.O-O-O h6
9.Be3 Nxd4 10.Bxd4 b5 11.f3 Be7 12.g4 e5 13.Be3 Qa5 14.Kb1 Be6 15.h4 Rc8
16.Be2 Rxc3 17.Qxc3 Qxa2+ 18.Kc1 O-O 19.g5 Rc8 20.Qa3 Qxa3 21.bxa3 Nh5 22.gxh6 g6
23.Bg5 Bf8 24.Kb2 Kh7 25.Bf1 f6 26.Be3 f5 27.Bh3 Re8 28.Rh2 f4 29.Bb6 Bc4
30.Bc7 Ng3 31.Rdd2 Kxh6 32.Bxd6 Bg7 33.Bc5 a5 34.Rd7 Bf6 35.Rc7 Rb8 36.Rc8 Rb7
37.Bg4 b4 38.axb4 axb4 39.Bf8+ Kh7 40.h5 gxh5 41.Rxc4 Kg8 42.Bc8  1-0

[Event "FRA-ch"]
[Site "France"]
[Date "1996.??.??"]
[Round "5"]
[White "Santo Roman, Marc"]
[Black "Vaisser, Anatoli"]
[Result "1/2-1/2"]
[WhiteElo "2385"]
[BlackElo "2565"]

1.e4 c5 2.Nf3 Nc6 3.d4 cxd4 4.Nxd4 Nf6 5.Nc3 d6 6.Bg5 e6 7.Qd2 a6 8.O-O-O h6
9.Be3 Be7 10.f4 Nxd4 11.Bxd4 b5 12.Bxf6 Bxf6 13.Qxd6 Qxd6 14.Rxd6 Bb7 15.e5 Be7
16.Rd2 g5 17.Bd3 gxf4 18.Be4 Rb8 19.Bxb7 Rxb7 20.Ne4 Rd7 21.Rhd1 Rxd2 22.Kxd2 Rg8
23.Rg1 Kd7 24.Ke2 Kc6 25.Kf3 Kd5 26.Rd1+ Kxe5 27.Rd7 f5 28.Nf2 Kf6 29.Nd3 Rc8
30.Ra7 Rc6 31.Nxf4 Bd6 32.c3 e5 33.Nh5+ Kg6 34.Ng3 e4+ 35.Ke2 b4 36.c4 Bxg3
37.hxg3 Rxc4 38.Rxa6+ Kg5 39.b3 Rc2+ 40.Kf1 h5 41.Ra8 h4 42.Rg8+ Kh5 43.Rh8+ Kg4
44.Rg8+ Kh5 45.Rh8+ Kg6 46.gxh4 Rxa2 47.Rg8+ Kf6 48.h5 Ra1+ 49.Kf2 Rh1 50.Rb8 Rxh5
51.Rxb4 Rh1 52.g4  1/2-1/2

[Event "FRA-ch"]
[Site "France"]
[Date "1996.??.??"]
[Round "7"]
[White "Santo Roman, Marc"]
[Black "Touzane, Olivier"]
[Result "0-1"]
[WhiteElo "2385"]
[BlackElo "2495"]

1.e4 c5 2.Nf3 d6 3.d4 cxd4 4.Nxd4 Nf6 5.Nc3 Nc6 6.Bg5 e6 7.Qd2 a6 8.O-O-O h6
9.Be3 Be7 10.f4 Nxd4 11.Bxd4 b5 12.Qe3 Rb8 13.e5 dxe5 14.Ba7 Qc7 15.Bxb8 Qxb8
16.Qxe5 Qb6 17.Be2 O-O 18.Bf3 b4 19.Na4 Qa7 20.Qa5 Qe3+ 21.Kb1 Qxf4 22.Nc5 Qe5
23.Nb3 Qf4 24.Nc5 Qe5 25.Nb3 Qf4 26.Nd4 Ne4 27.Nc6 Bg5 28.h4 Bxh4 29.Qxb4 f5
30.Bxe4 fxe4 31.Ne7+ Kh7 32.Rxh4 Qxh4 33.Ng6 Rd8 34.Nf8+ Kg8 35.Rf1  0-1

[Event "FRA-ch"]
[Site "France"]
[Date "1996.??.??"]
[Round "10"]
[White "Santo Roman, Marc"]
[Black "Relange, Eloi"]
[Result "1/2-1/2"]
[WhiteElo "2385"]
[BlackElo "2450"]

1.e4 c5 2.Nf3 d6 3.d4 cxd4 4.Nxd4 Nf6 5.Nc3 Nc6 6.Bg5 e6 7.Qd2 a6 8.O-O-O h6
9.Be3 Nxd4 10.Bxd4 b5 11.f3 Be7 12.Kb1 e5 13.Be3 Be6 14.g4 Rc8 15.h4 Qc7
16.Rh2 Qa5 17.Bh3 b4 18.Nd5 Nxd5 19.exd5 Bd7 20.g5 Bxh3 21.Rxh3 hxg5 22.Bxg5 b3
23.Qxa5 bxc2+ 24.Kc1 Bxg5+ 25.f4 Bxf4+ 26.Rd2 Rc5 27.Qb4 a5 28.Qb8+ Ke7 29.Qa7+ Kf6
30.Rc3 Rxd5 31.Rxc2 Rxh4 32.Qg1 Be3 33.Qf1+ Rf4 34.Qg2 Rfd4 35.Kb1 Rxd2 36.Rxd2 Rxd2
37.Qa8 Bd4 38.Qxa5 Rxb2+ 39.Kc1 Rf2 40.Qa8 Bc5 41.a4 g5 42.Qd8+ Kf5 43.Qd7+ Ke4
44.Qb7+ Kd4 45.a5 g4 46.Qb3 f5 47.a6 f4 48.Qd1+ Kc3 49.Qe1+ Kc4 50.Qe4+ Bd4
51.a7 d5 52.Qxd5+ Kxd5 53.a8=Q+ Kc4 54.Qc8+ Kd3 55.Qf5+ e4 56.Qb5+ Ke3 57.Qb3+ Ke2
58.Qd1+ Ke3 59.Qb3+ Bc3 60.Qxc3+ Ke2 61.Qc2+ Kf3 62.Qd1+ Kg3 63.Qg1+ Rg2
64.Qe1+ Kh3 65.Qh1+ Rh2 66.Qf1+ Kg3 67.Qg1+ Rg2 68.Qe1+ Kf3 69.Qf1+ Rf2 70.Qd1+  1/2-1/2

[Event "Frydek-Mistek op"]
[Site "Frydek-Mistek"]
[Date "1996.??.??"]
[Round "4"]
[White "Kislov, Mikhail"]
[Black "Blehm, Pawel"]
[Result "0-1"]
[WhiteElo "2415"]
[BlackElo "2435"]

1.e4 c5 2.Nf3 d6 3.Nc3 Nf6 4.d4 cxd4 5.Nxd4 Nc6 6.Bg5 e6 7.Qd2 a6 8.O-O-O h6
9.Be3 Bd7 10.Nb3 b5 11.f3 Be7 12.g4 Ne5 13.Qf2 Nfxg4 14.Qg1 Nxe3 15.Qxe3 Qc7
16.f4 b4 17.Ne2 Nc4 18.Qg3 Bf6 19.Ned4 e5 20.Bxc4 Qxc4 21.Nf3 Rc8 22.Rd2 Qc7
23.Kb1 a5 24.fxe5 dxe5 25.Nc1 Be6 26.h4 a4 27.Ne1 Qc4 28.Qe3 g6 29.Qf3 Bg7
30.Ng2 a3 31.Ne3 Qc6 32.Nd3 axb2 33.Nd5 Bxd5 34.exd5 Qc3 35.Qg4 O-O 36.Qxb4 e4  0-1

[Event "ISL-ch"]
[Site "Gardabaer"]
[Date "1996.??.??"]
[Round "3"]
[White "Gunnarsson, Jon Viktor"]
[Black "Ulfarsson, Magnus Orn"]
[Result "1/2-1/2"]
[WhiteElo "2180"]
[BlackElo "2290"]

1.e4 c5 2.Nf3 d6 3.d4 cxd4 4.Nxd4 Nf6 5.Nc3 Nc6 6.Bg5 e6 7.Qd2 Be7 8.O-O-O O-O
9.f4 Nxd4 10.Qxd4 Qa5 11.Bc4 Bd7 12.e5 dxe5 13.fxe5 Bc6 14.Bd2 Nd7 15.Nd5 Qd8
16.Nxe7+ Qxe7 17.Rhe1 Rfd8 18.Qg4 Nf8 19.Bd3 Rxd3 20.cxd3 Qd7 21.Bb4 Qd5
22.Bxf8 Rxf8 23.Kb1  1/2-1/2

[Event "ISL-ch"]
[Site "Gardabaer"]
[Date "1996.??.??"]
[Round "6"]
[White "Thorhallsson, Throstur"]
[Black "Petursson, Margeir"]
[Result "0-1"]
[WhiteElo "2445"]
[BlackElo "2585"]

1.e4 c5 2.Nf3 d6 3.d4 cxd4 4.Nxd4 Nf6 5.Nc3 Nc6 6.Bg5 e6 7.Qd2 a6 8.O-O-O h6
9.Bf4 Bd7 10.Nxc6 Bxc6 11.f3 d5 12.Qe1 Bb4 13.a3 Ba5 14.Bd2 Rc8 15.exd5 Nxd5
16.Nxd5 Bxd2+ 17.Rxd2 Bxd5 18.Bd3 O-O 19.Be4 Rc5 20.Qf2 Qa5 21.Bxd5 Rxd5
22.Rxd5 Qxd5 23.Rd1 Qc6 24.Qd4 Rc8 25.c3 Qc7 26.Qd7 Qf4+ 27.Kc2 Rc7 28.Qd6 Qxd6
29.Rxd6 Kf8 30.Rd8+ Ke7 31.Rb8 Rd7 32.a4 e5 33.b4 f5 34.Rc8 Kf6 35.Re8 Rd5
36.c4 Kf7 37.Rc8 Rd7 38.Rc5 Ke6 39.Rc8 e4 40.fxe4 fxe4 41.Re8+ Kf5 42.g3 Rd4
43.Kc3 Rd3+ 44.Kc2 b6 45.b5 axb5 46.axb5 Rd6 47.Kc3 g5 48.Re7 h5 49.Re8 h4
50.gxh4 gxh4 51.c5 bxc5 52.Kc4 Re6 53.Rf8+ Kg4 54.Kd5 Re7 55.Kd6 Rg7 56.Rf1 Rh7
57.b6 e3 58.Rb1 e2 59.Kxc5 Kf3 60.Kc6 Kf2 61.b7 Rh8 62.Rb2 Kf1  0-1

[Event "ISL-ch"]
[Site "Gardabaer"]
[Date "1996.??.??"]
[Round "7"]
[White "Gunnarsson, Jon Viktor"]
[Black "Stefansson, Hannes"]
[Result "1/2-1/2"]
[WhiteElo "2180"]
[BlackElo "2540"]

1.e4 c5 2.Nf3 d6 3.d4 cxd4 4.Nxd4 Nf6 5.Nc3 Nc6 6.Bg5 e6 7.Qd2 a6 8.O-O-O h6
9.Be3 Qc7 10.f3 Rb8 11.g4 Ne5 12.h4 b5 13.Be2 Nfd7 14.f4 Nc4 15.Bxc4 Qxc4
16.b3 Qc7 17.f5 Nc5 18.b4 Na4 19.Nxa4 bxa4 20.fxe6 fxe6 21.e5 d5 22.a3 a5
23.Qd3 axb4 24.Qg6+ Qf7 25.Qxf7+ Kxf7 26.Nc6 Ra8 27.Rhf1+ Ke8 28.Nxb4 Be7
29.h5 Ba6 30.Rf2 Bb5 31.c3 Rc8 32.Kb2 Bh4 33.Rg2 Rf8 34.Rh1 Rf3 35.Nc2 Be7
36.Bd4 Kd7 37.Rhh2 Bd3 38.Nb4 Be4 39.Rg1 Rcf8 40.Ka2 Rf1 41.Rxf1 Rxf1 42.Rb2 Rc1
43.Na6 Rc2 44.Rxc2 Bxc2 45.Nc5+ Bxc5 46.Bxc5 Ke8 47.Kb2 Bd1 48.g5 hxg5 49.Be3 Bxh5
50.Bxg5 Kf7 51.Kc2 Kg6 52.Be7 Kf5 53.Bd6 Kf4 54.Kd2 g5 55.Ke1 Kg3 56.Kf1 Kh2
57.Bc5 Be8 58.Bg1+ Kg3 59.Bc5 Kh2 60.Bg1+ Kh1 61.Be3  1/2-1/2

[Event "ISL-ch"]
[Site "Gardabaer"]
[Date "1996.??.??"]
[Round "11"]
[White "Hjartarson, Johann"]
[Black "Stefansson, Hannes"]
[Result "1/2-1/2"]
[WhiteElo "2570"]
[BlackElo "2540"]

1.e4 c5 2.Nf3 d6 3.d4 cxd4 4.Nxd4 Nf6 5.Nc3 Nc6 6.Bg5 e6 7.Qd2 a6 8.O-O-O h6
9.Be3 Qc7 10.f4 Bd7 11.Bd3 Be7 12.h3 b5 13.Kb1 Nxd4 14.Bxd4 Bc6 15.Qe3 O-O
16.Rhe1 Rac8 17.e5 dxe5 18.Bxe5 Qb7 19.g4 b4 20.Bxf6 Bxf6 21.Ne4 Bxe4 22.Bxe4 Qe7
23.Qb6 Qc7 24.Qxc7 Rxc7 25.Rd6 a5 26.Bd3 Rc5 27.Re4 Rfc8 28.b3 g6 29.Bc4 g5
30.Rd7 R8c7 31.Rd1 Kg7 32.Rf1 Rd7 33.Bd3 Rcd5 34.fxg5 hxg5 35.Rf3 Be5 36.Kc1 Bf4+
37.Kd1 e5 38.Ke1 Rd4 39.Re2 Ra7 40.Re4 Rad7 41.Re2 Kf6 42.Kf2 Ra7 43.Re4 Rad7
44.Re2 Rd8 45.Kg2 Ke6 46.Bf5+ Kd5 47.Rd3 Rxd3 48.cxd3 Kd4 49.Rc2 Ke3 50.Rc5 Ra8
51.Rc4 Ra7 52.Re4+ Kd2 53.d4 exd4 54.Rxd4+ Kc3 55.Rd7  1/2-1/2

[Event "Geneve op"]
[Site "Geneve"]
[Date "1996.??.??"]
[Round "3"]
[White "Olivier, Jean Christophe"]
[Black "Tukmakov, Vladimir B"]
[Result "0-1"]
[WhiteElo "2280"]
[BlackElo "2595"]

1.e4 c5 2.Nf3 d6 3.d4 cxd4 4.Nxd4 Nf6 5.Nc3 Nc6 6.Bg5 e6 7.Qd2 a6 8.O-O-O h6
9.Be3 Qc7 10.f4 Be7 11.Kb1 Bd7 12.Bd3 b5 13.Bxb5 axb5 14.Ndxb5 Qb8 15.Nxd6+ Bxd6
16.Qxd6 Qxd6 17.Rxd6 Na5 18.Rd4 Ng4 19.Bc1 e5 20.fxe5 Nc6 21.Rd2 Ngxe5 22.b3 O-O
23.a4 Rfb8 24.Nb5 Be6 25.Bb2 Bc4 26.Rd5 f6 27.Rc5 Bf7 28.Re1 Rd8 29.Nc7 Ra7
30.Nd5 Rad7 31.Ne3 Nd4 32.Rd1 Nxb3 33.cxb3 Rxd1+ 34.Nxd1 Rxd1+ 35.Kc2 Rg1
36.Bxe5 Rxg2+ 37.Kc3 fxe5 38.a5 Rxh2 39.b4 Rh3+ 40.Kc2 Ra3 41.Rc8+ Kh7 42.Rc7 Bg8
43.Ra7 h5 44.b5 h4 45.b6 h3 46.b7 Rb3 47.a6 h2 48.Ra8 h1=Q  0-1

[Event "Geneve op"]
[Site "Geneve"]
[Date "1996.??.??"]
[Round "6"]
[White "Klovans, Janis"]
[Black "Tukmakov, Vladimir B"]
[Result "1/2-1/2"]
[WhiteElo "2520"]
[BlackElo "2595"]

1.e4 c5 2.Nf3 d6 3.d4 cxd4 4.Nxd4 Nf6 5.Nc3 Nc6 6.Bg5 e6 7.Qd2 a6 8.O-O-O h6
9.Be3 Qc7 10.f3 Rb8 11.Kb1 Be7 12.h4 Ne5 13.g4 b5 14.Bd3 Nfd7 15.g5 hxg5
16.hxg5 Rxh1 17.Rxh1 Nf8 18.f4 Nc4 19.Bxc4 Qxc4 20.f5 b4 21.Nce2 e5 22.b3 Qc7
23.Nf3 Bb7 24.Ng3 d5 25.Nh5 g6 26.Ng7+ Kd7 27.exd5 Bd6 28.fxg6 fxg6 29.Qg2 Rc8
30.Ne6 Qc3 31.Nxf8+ Rxf8 32.Rh7+ Kc8 33.Qh3+ Kb8 34.Qe6 Rc8 35.Qxd6+ Ka8
36.Bc5 Rxc5 37.Rh8+ Ka7 38.Qb8+ Kb6 39.Qd8+ Ka7 40.Qb8+ Kb6 41.Qd6+ Ka7 42.Qb8+ Kb6
43.Qd6+  1/2-1/2

[Event "Geneve op"]
[Site "Geneve"]
[Date "1996.??.??"]
[Round "8"]
[White "Olivier, Jean Christophe"]
[Black "Anka, Emil"]
[Result "1/2-1/2"]
[WhiteElo "2280"]
[BlackElo "2405"]

1.e4 c5 2.Nf3 Nc6 3.d4 cxd4 4.Nxd4 Nf6 5.Nc3 d6 6.Bg5 e6 7.Qd2 a6 8.O-O-O Bd7
9.f4 h6 10.Bh4 g5 11.fxg5 Ng4 12.Nf3 hxg5 13.Bg3 Be7 14.Kb1 Nge5 15.Ne2 f6
16.Ned4 Qa5 17.c3 Qc7 18.Be2 Na5 19.Nxe5 dxe5 20.Bg4 Qc8 21.Nb3 Nxb3 22.axb3 Qc6
23.Qe2 O-O-O 24.Kc2 Be8 25.Qc4 Qxc4 26.bxc4 Bf7 27.Rhf1 Rxd1 28.Kxd1 Bh5
29.h3 Bxg4+ 30.hxg4 Kd7 31.Kc2 Rc8 32.b3 Kc6 33.Rh1 a5 34.Bf2 b6 35.Rh7 Rc7
36.Rf7 Kb7 37.Be1 Kc8 38.Bd2 Kb7 39.Kb1 Rd7 40.Bc1 Rc7 41.Ka2 Kc6 42.Bb2 Kb7
43.Bc1 Kc6 44.Bb2 Kb7 45.Ba3 Bxa3 46.Rxc7+ Kxc7 47.Kxa3 Kc6 48.b4 f5 49.gxf5 exf5
50.exf5 e4 51.f6 Kd7 52.bxa5 bxa5 53.c5 e3 54.f7 Ke7 55.c6 e2 56.c7 e1=Q
57.f8=Q+ Kxf8 58.c8=Q+ Kg7 59.Qc7+ Kg6 60.Qc6+ Kh5 61.c4 Qb4+ 62.Ka2 a4 63.Qe8+ Kh4
64.Qh8+ Kg3 65.Qh3+ Kf2 66.Qf3+ Kg1 67.Qe3+ Kh2  1/2-1/2

[Event "BL2-S9596"]
[Site "Germany"]
[Date "1996.??.??"]
[Round "?"]
[White "Bach, Edwin"]
[Black "Mandel, Andreas"]
[Result "1/2-1/2"]
[WhiteElo "2325"]
[BlackElo "2365"]

1.e4 c5 2.Nf3 d6 3.d4 cxd4 4.Nxd4 Nf6 5.Nc3 Nc6 6.Bg5 Bd7 7.Be2 Qa5 8.Bxf6 gxf6
9.O-O Nxd4 10.Qxd4 Rc8 11.Nd5 Qc5 12.Qxc5 Rxc5 13.c4 Bg7 14.Rad1 f5 15.exf5 Bxf5
16.b3 Be4 17.f3 Bxd5 18.Rxd5  1/2-1/2

[Event "BL2-S9596"]
[Site "Germany"]
[Date "1996.??.??"]
[Round "?"]
[White "Pfrommer, Christoph"]
[Black "Baum, Bernd"]
[Result "1-0"]
[WhiteElo "2300"]
[BlackElo "2240"]

1.e4 c5 2.Nf3 Nc6 3.d4 cxd4 4.Nxd4 Nf6 5.Nc3 d6 6.Bg5 Bd7 7.Be2 Qa5 8.Bxf6 gxf6
9.O-O Nxd4 10.Qxd4 Rg8 11.Nd5 Rc8 12.Rfd1 Rxc2 13.Bd3 Rc6 14.b4 Qa3 15.Rab1 Bg7
16.Bb5 f5 17.Qd2 Bc3 18.Qe2 Be5 19.f4 fxe4 20.Rb3 Qxb3 21.axb3 Bg4 22.Qxe4 Bxd1
23.fxe5 Kd8 24.Bxc6 bxc6 25.exd6 e6 26.Qh4+ Kc8 27.Qe7  1-0

[Event "BL2-W9596"]
[Site "Germany"]
[Date "1996.??.??"]
[Round "?"]
[White "Begnis, Nikolaos"]
[Black "Osieka, Udo"]
[Result "1/2-1/2"]
[WhiteElo "2295"]
[BlackElo "2320"]

1.e4 c5 2.Nf3 d6 3.d4 cxd4 4.Nxd4 Nf6 5.Nc3 Nc6 6.Bg5 a6 7.Qd2 e6 8.O-O-O Bd7
9.Nxc6 Bxc6 10.Qe1 Qa5 11.h4 Be7 12.Rh3 b5 13.e5 dxe5 14.Qxe5 Rc8 15.Rg3 Qc7
16.Qxc7 Rxc7 17.a3 Rd7 18.Be2 Rxd1+ 19.Bxd1 g6 20.Bf3 Bxf3 21.Rxf3 Ng4  1/2-1/2

[Event "BL2-W9596"]
[Site "Germany"]
[Date "1996.??.??"]
[Round "?"]
[White "Coenen, Norbert"]
[Black "Fleck, Juergen"]
[Result "1-0"]
[WhiteElo "2310"]
[BlackElo "2380"]

1.e4 c5 2.Nf3 d6 3.d4 cxd4 4.Nxd4 Nf6 5.Nc3 Nc6 6.Bg5 e6 7.Qd2 a6 8.O-O-O Nxd4
9.Qxd4 Be7 10.Bxf6 gxf6 11.f4 Qa5 12.Kb1 Qc5 13.Qd2 Bd7 14.f5 h5 15.Bd3 O-O-O
16.Rhe1 Bf8 17.Rf1 Qe5 18.Qf2 Be7 19.Bc4 h4 20.Qb6 Rdg8 21.Bxa6 bxa6 22.Rd5 Qxc3
23.bxc3 exd5 24.exd5 Bb5 25.c4 Bd8 26.Qxd6 Bc7 27.Qc5 Kd7 28.cxb5  1-0

[Event "BL2-W9596"]
[Site "Germany"]
[Date "1996.??.??"]
[Round "?"]
[White "Emunds, Hans Georg"]
[Black "Schlecht, Daniel"]
[Result "1/2-1/2"]
[WhiteElo "2175"]
[BlackElo "2220"]

1.e4 c5 2.Nf3 d6 3.d4 cxd4 4.Nxd4 Nf6 5.Nc3 Nc6 6.Bg5 e6 7.Qd2 Be7 8.O-O-O O-O
9.f4 h6 10.Bh4 e5 11.Nf5 Bxf5 12.exf5 exf4 13.Bc4 Ne5 14.Bb3 Qc8 15.Qxf4 Nh5
16.Qe4 Bxh4 17.Qxh4 Qxf5 18.Rxd6 Ng6 19.Qd4 Nf6 20.Rd1 Rfe8 21.Kb1 Qf4 22.Qxf4 Nxf4
23.g3 Ne6 24.Nb5 Ne4 25.Bxe6 Nxd6 26.Nc7 Rxe6 27.Nxe6 Ne4 28.Nc7 Rc8 29.Nd5 Kf8
30.Rd4 Rd8 31.c4 Nf6 32.Kc2 Nxd5 33.cxd5 Ke7 34.Kd3 Kd6 35.Rf4  1/2-1/2

[Event "BL2-W9596"]
[Site "Germany"]
[Date "1996.??.??"]
[Round "?"]
[White "Holzke, Frank"]
[Black "Doncevic, Dario"]
[Result "1-0"]
[WhiteElo "2375"]
[BlackElo "2355"]

1.e4 c5 2.Nf3 Nc6 3.d4 cxd4 4.Nxd4 Nf6 5.Nc3 d6 6.Bg5 Bd7 7.Qd2 h6 8.Bxf6 gxf6
9.O-O-O Nxd4 10.Qxd4 Qa5 11.f4 Rg8 12.Bc4 e6 13.Bb3 Be7 14.f5 O-O-O 15.Qe3 Rh8
16.Ne2 Kb8 17.Nf4 Qe5 18.fxe6 fxe6 19.Ng6 Qh5 20.Nxe7 Rhe8 21.Qd4 Qg5+ 22.Kb1 Bb5
23.h4 Qg7 24.Qb4 a6 25.a4 Bd7 26.Qxd6+ Ka8 27.Bxe6 Bxe6 28.Qxe6 Qxe7 29.Qxe7 Rxd1+
30.Rxd1 Rxe7 31.Rd4 Rg7 32.Rd6 Rxg2 33.Rxf6 Rg4 34.Rxh6 Rxe4 35.b3 a5 36.Rh5 b6
37.Rh7 Re3 38.h5 Rh3 39.h6 Kb8 40.Kc1 Rh2 41.Kd1 Ka8 42.Ke1  1-0

[Event "BL2-W9596"]
[Site "Germany"]
[Date "1996.??.??"]
[Round "?"]
[White "Morawietz, Dieter"]
[Black "Boidman, Yuri"]
[Result "0-1"]
[WhiteElo "2415"]
[BlackElo "2325"]

1.e4 c5 2.Nf3 Nc6 3.d4 cxd4 4.Nxd4 Nf6 5.Nc3 d6 6.Bg5 e6 7.Qd2 a6 8.O-O-O Bd7
9.f4 b5 10.Nxc6 Bxc6 11.Qe1 Be7 12.Bd3 b4 13.Bxf6 gxf6 14.Ne2 Qb6 15.Kb1 a5
16.f5 e5 17.Ng3 Qc5 18.Qe2 Rc8 19.Bc4 h5 20.Rd2 h4 21.Nf1 Bf8 22.Ne3 Bh6
23.Qh5 Bxe3 24.Qxh8+ Kd7 25.Qxf6 Bxd2 26.Qxf7+ Kd8 27.f6 Bd7 28.Qe7+ Kc7
29.Ba6 Ra8 30.f7 Bh6 31.Qxh4 Bf8 32.Bd3 a4 33.Rf1 a3 34.Qf2 Qc6 35.c4 axb2
36.Qxb2 Ra3 37.Bc2 Qxc4 38.Rc1 Rc3 39.Bb3 Qxe4+ 40.Ka1 Rxc1+ 41.Qxc1+ Kb8
42.Qg1 Qc6 43.g4 Bxg4 44.a3 Qc3+ 45.Ka2 Qd2+ 46.Ka1 Qd4+  0-1

[Event "BL2-W9596"]
[Site "Germany"]
[Date "1996.??.??"]
[Round "?"]
[White "Wiemer, Ralf"]
[Black "Begnis, Nikolaos"]
[Result "1/2-1/2"]
[WhiteElo "2310"]
[BlackElo "2295"]

1.e4 c5 2.Nf3 Nc6 3.d4 cxd4 4.Nxd4 Nf6 5.Nc3 d6 6.Bg5 e6 7.Qd2 Be7 8.O-O-O O-O
9.f4 h6 10.Bh4 e5 11.Nf5 Bxf5 12.exf5 exf4 13.Bd3 d5 14.Ne2 Qb6 15.Nxf4 Rad8
16.Bxf6 Bxf6 17.c3 Ne5 18.h4 Ng4 19.Rdf1 d4 20.c4 Ne3 21.Kb1 Nxf1 22.Rxf1 Bxh4
23.Nd5 Rxd5 24.cxd5 Qc5 25.f6 Bg5 26.Qe2 Qxd5 27.fxg7 Kxg7 28.Rf5 Qe6 29.Re5 Qc6
30.a3 Qc1+ 31.Ka2 Qf4 32.Rf5 Qd6 33.Qg4 Qe6+ 34.Kb1 Qe3 35.Rf3 Qe5 36.Rf5 Qe1+
37.Ka2 Qe3 38.Rf3 Qe5 39.Rf5 Qe6+ 40.Kb1 Qe3 41.Rf3 Qe1+ 42.Ka2 Qe6+ 43.Qxe6 fxe6
44.Rxf8 Kxf8 45.Be4 b6 46.Kb3 Ke7 47.a4 Kd6 48.Kc4 Ke5 49.Kd3 Be7 50.b3 Bc5
51.Bb7 Kf4 52.Bc6 h5 53.Bb7 h4 54.Bc6 Ke5 55.Bb7 Bf8 56.Bf3 Bg7 57.Bb7 Kd6
58.Kc4 Ke5 59.Kd3 Bf6 60.Bf3 Kf4 61.Bb7 Kg3 62.Ke2 Bg7 63.Bc6 Kg4 64.Kd3 Kf4
65.Bb7 Kg3  1/2-1/2

[Event "BL9596 (Women)"]
[Site "Germany"]
[Date "1996.??.??"]
[Round "?"]
[White "Koglin, Anke"]
[Black "Wagner Michel, Annett"]
[Result "1-0"]
[WhiteElo "2235"]
[BlackElo "2170"]

1.e4 c5 2.Nf3 Nc6 3.d4 cxd4 4.Nxd4 Nf6 5.Nc3 d6 6.Bg5 e6 7.Qd2 a6 8.O-O-O Bd7
9.f4 b5 10.Bxf6 gxf6 11.Kb1 Qb6 12.Nxc6 Bxc6 13.Qe1 Be7 14.f5 b4 15.Ne2 e5
16.Ng3 Rc8 17.Bc4 h5 18.Bd5 h4 19.Nf1 Bxd5 20.Rxd5 Rc4 21.Qe2 Rd4 22.Rxd4 Qxd4
23.Nd2 Rg8 24.Nf3 Qc5 25.Nxh4 d5 26.exd5 Qxd5 27.Rd1 Qc6 28.h3 a5 29.Nf3 a4
30.g4 Kf8 31.Nd2 Kg7 32.Qf3 Qc7 33.Ne4 Rc8 34.Qe2 a3 35.h4 Rd8 36.g5 Qc4
37.gxf6+ Bxf6 38.Rg1+ Bg5 39.Qxc4  1-0